000
00200nam a2200085 4500
001
1258111
005
20260226134338.0
245
_a
DÜŞLER ÜLKESİNDE
_c
SARA GÜRBÜZ ÖZEREN
260
_b
DAMLA YAYINLARI
999
_c
1258111
_d
1258111